The 1975 Discography - Statistics

General Stats
  • This quiz has been taken 14 times
    10 since last reset
  • The average score is 39 of 92
Answer Stats
Album Song % Correct
Girls
100%
Haunt // Bed
100%
Robbers
100%
You
100%
Love It If We Made It
80%
Love Me
80%
Loving Someone
80%
Me
80%
Milk
80%
Paris
80%
People
80%
Sex
80%
Sex
80%
The 1975 The 1975
80%
I like it when you sleep, for you are so beautiful yet so unaware of it The 1975
80%
A Brief Inquiry Into Online Relationships The 1975
80%
Notes of a Conditional Form The 1975
80%
Bagsy Not in Net
60%
Be My Mistake
60%
Chocolate
60%
Chocolate
60%
Guys
60%
I Always Wanna Die (Sometimes)
60%
I like it when you sleep, for you are so beautiful yet so unaware of it
60%
It's Not Living (If It's Not With You)
60%
Jesus Christ 2005 God Bless America
60%
Me & You Together Song
60%
Settle Down
60%
She Lays Down
60%
She's American
60%
Sincerity is Scary
60%
Somebody Else
60%
Streaming
60%
The Birthday Party
60%
The Man Who Married A Robot / Love Theme
60%
Then Because She Goes
60%
TOOTIMETOOTIMETOOTIME
60%
Yeah I Know
60%
A Change of Heart
40%
Music For Cars EP Anobrain
40%
Antichrist
40%
Facedown EP Facedown
40%
Frail State of Mind
40%
Heart Out
40%
HNSCC
40%
If I Believe You
40%
Non-Album Singles Medicine
40%
Nothing Revealed / Everything Denied
40%
Pressure
40%
The Sound
40%
Tonight (I Wish I Was Your Boy)
40%
UGH!
40%
12
20%
An Encounter
20%
By Your Side
20%
Don't Worry
20%
Fallingforyou
20%
Give Yourself a Try
20%
How To Draw
20%
How to Draw / Petrichor
20%
I Couldn't Be More In Love
20%
If You're Too Shy (Let Me Know)
20%
I Like America & America Likes Me
20%
Sex EP Intro/Set3
20%
Is There Somebody Who Can Watch You?
20%
I Think There's Something You Should Know
20%
Menswear
20%
Mine
20%
M.O.N.E.Y.
20%
Nana
20%
Playing on My Mind
20%
Roadkill
20%
She Way Out
20%
Surrounded by Heads and Bodies
20%
Talk!
20%
The Ballad of Me and My Brain
20%
The City
20%
The City
20%
IV EP The City
20%
The End (Music for Cars)
20%
This Must Be My Dream
20%
Undo
20%
102
0%
Having No Head
0%
Heads.Cars.Bending
0%
Inside Your Mind
0%
Lostmyhead
0%
Please Be Naked
0%
Shiny Collarbone
0%
So Far (It's Alright)
0%
What Should I Say
0%
Woman
0%
No matching quizzes found
Score Distribution
Percent of People with Each Score
Percentile by Number Answered
Your Score History
You have not taken this quiz since the last reset